El Convent de Caputxins de Granollers a la Torreta (1584-1812) / Rodolf Puigdollers i Noblom
Publicado:
La Roca del Vallès :
Ajuntament ; amb la col·laboració de la Diputació de Barcelona ,
1998
Descripción Física:
363 p. : il. ; 21 cm
MARC
| LEADER | 00000nam a2200000Ia 4500 | ||
|---|---|---|---|
| 001 | 12080 | ||
| 008 | 160829s1998 xx 000 0 cat d | ||
| 080 | |a F-1-47 | ||
| 100 | |a Puigdollers i Noblom, Rodolf |9 35233 | ||
| 245 | |a El Convent de Caputxins de Granollers a la Torreta (1584-1812) / Rodolf Puigdollers i Noblom | ||
| 260 | |a La Roca del Vallès : |b Ajuntament ; amb la col·laboració de la Diputació de Barcelona, |c 1998 | ||
| 300 | |a 363 p. : |b il. ; |c 21 cm | ||
| 590 | |a A peu de portada: 'La Torreta 1998' | ||
| 650 | |a Convent de Caputxins de Granollers II Caputxins |x Granollers |x Història |9 35234 | ||
| 710 | 1 | |a Barcelona (Catalunya : Província). |b Diputació |9 52408 | |
| 710 | 1 | |a Roca del Vallès (Catalunya). |b Ajuntament |9 55501 | |
| 901 | |a Arxiu | ||
| 942 | |n 1 | ||
| 952 | |0 0 |1 0 |4 0 |6 F147 |7 1 |9 46822 |a Arxiu |b Arxiu |d 2016-12-01 |l 0 |o F-1-47 |p 12080 |r 2016-12-01 00:00:00 |w 2016-12-01 |y ARXIU | ||
| 999 | |c 50615 |d 50615 | ||